[Event "Americana op"]
[Site "Americana"]
[Date "2009.09.07"]
[Round "6"]
[White "Vilela, Rezende Guilherme"]
[Black "Marino, Felipe Gabriel"]
[Result "1-0"]
[WhiteElo "2009"]
[BlackElo "1581"]
[PlyCount "41"]
[EventDate "2009.09.05"]
[EventType "swiss"]
[EventRounds "6"]
[EventCountry "BRA"]
[SourceTitle "CBM 132 Extra"]
[Source "ChessBase"]
[SourceDate "2009.11.03"]
[SourceVersion "1"]
[SourceVersionDate "2009.11.03"]
[SourceQuality "1"]

1. d4 d5 2. c4 c6 3. Nc3 e6 4. cxd5 exd5 5. Bf4 Nf6 6. e3 Bd6 7. Bd3 0-0 8. Nge2 Bxf4 9. Nxf4 Re8 10. Qc2 Qc7 11. 0-0-0 Qe7 12. h3 g6 13. h4 Ne4 14. h5 g5 15. Ncxd5 cxd5 16. Nxd5 Nc6 17. Nxe7+ Rxe7 18. Bxe4 Nb4 19. Qb3 Rxe4 20. Qxb4 Bf5 21. Kd2 1-0